Tutto quello che avreste voluto sapere su... Friends : 1., 2., 3., 4., 5. serie /
Guardat en:
| Autors principals: | , |
|---|---|
| Format: | Llibre |
| Idioma: | italià |
| Publicat: |
Torino :
Lindau,
\2000!
|
| Col·lecció: | Cult ;
1 |
| Matèries: | |
| Etiquetes: |
Sense etiquetes, Sigues el primer a etiquetar aquest registre!
|
MARC
| LEADER | 00000nam a22000007i 4500 | ||
|---|---|---|---|
| 001 | IT\ICCU\FER\0181813 | ||
| 003 | ItRI | ||
| 005 | 20260115231920.0 | ||
| 008 | 010314s2000 it |||||| ||||| |||||c | ||
| 020 | |a 8871803434 | ||
| 040 | |b ita |c importazione bologna sebina | ||
| 041 | 7 | |a ita |2 ISO-639-2 | |
| 100 | 1 | |a Bordoni, Andrea, |d (1973- ) |0 IT\ICCU\FERV\075406 |4 aut | |
| 245 | 1 | 0 | |a Tutto quello che avreste voluto sapere su... Friends : |b 1., 2., 3., 4., 5. serie / |c Andrea Bordoni, Matteo Marino. |
| 260 | |a Torino : |b Lindau, |c \2000! | ||
| 300 | |a 275 p., 4 c. di tav. : |b ill. ; |c 24 cm. | ||
| 650 | 7 | |a Friends <trasmissione televisiva> |2 scbi | |
| 700 | 1 | |a Marino, Matteo, |d (1977- ) |0 IT\ICCU\FERV\075407 |4 aut | |
| 830 | 0 | |a Cult ; |v 1 |0 IT\ICCU\FER\0181814 | |
| 942 | |2 ddc |c BK |n 0 | ||
| 952 | |0 0 |1 0 |4 0 |6 DOC_791_457000000000000_BOR |7 0 |9 16355 |a BO |b BO |d 2026-01-15 |i 8125 |l 0 |o DOC 791.457 BOR |p BO8125 |r 2026-01-15 23:19:20 |w 2026-01-15 |x [Sebina 5] [1 v.] |y BK |z 1 v. | ||
| 999 | |c 14033 |d 14033 | ||